Meranie kvality života

Podrobná bibliografia
Hlavní autori: Masárová, Tatiana (Autor), Živčicová, Tatiana (Autor)
Médium: Kniha
Jazyk:slovenčina
angličtina
Fyzický popis:204 s. sch., tab. 24 cm
Vydavateľské údaje: Žilina Georg 2012
ISBN:9788081540035
Vydanie:1. vyd.
Predmet:

MARC

LEADER 00000nam a2200000 a 4500
001 vtls010508575
003 SK-MaSNL
005 20260301214608.0
008 240315s2012 xo a f 000 0 slo
015 |a SNBA2013/05 
020 |a 9788081540035  |q (viaz.) 
035 |a 6FEFC629-82CA-4CD6-9F78-DCEC3B9DA40F 
035 |a urn:nbn:sk:snk-amjnbn 
035 |a urn:nbn:sk:snk-am001t2t 
040 |a SNK  |b slo  |c SNK  |e AACR2 
041 0 |a slo  |a eng 
044 |a xo  |c SK 
072 7 |a 316.7  |x Sociológia kultúry. Kultúrny život  |2 konspekt 
080 |a 316.728-021.465  |2 2001 
080 |a 304  |2 2001 
080 |a 33  |2 2001 
080 |a 159.9  |2 2001 
080 |a (048.8)  |2 2001 
100 1 |a Masárová, Tatiana  |4 aut  |9 341953 
245 1 0 |a Meranie kvality života  |c Tatiana Masárová, Eva Živčicová 
250 |a 1. vyd. 
260 |a Žilina  |b Georg  |c 2012 
300 |a 204 s.  |b sch., tab.  |c 24 cm 
504 |a Bibliogr. s. 71-81 a 178-194 
546 |a Text aj angl. 
650 0 7 |a kvalita života  |x sociálne aspekty  |2 SNKPH  |9 603207 
650 0 7 |a Quality of life  |x social aspects  |2 SNKPHeng  |9 603208 
650 0 7 |a Quality of life  |x social aspects  |x economic aspect  |2 SNKPHeng  |9 603209 
650 0 7 |a kvalita života  |x ekonomické aspekty  |2 SNKPH  |9 603210 
650 0 7 |a kvalita života  |x psychologické aspekty  |2 SNKPH  |9 318145 
650 0 7 |a Quality of life  |x social aspects  |x psychological aspects  |2 SNKPHeng  |9 603211 
655 7 |a monografie  |2 SNKPH  |9 70139 
655 7 |a Monographs  |2 SNKPHeng  |9 120675 
700 1 |a Živčicová, Tatiana  |4 aut  |9 603212 
919 |a 978-80-8154-003-5 
958 |a NB 
999 |c 925255  |d 927185 
952 |a SNK  |b SNK  |y PREZ  |7 0  |p 17A1069739  |o snkSC 154329  |i snk2013/10353  |8 0  |0 0  |1 0  |4 0  |d 2013-05-07  |l 0  |r 2025-07-24 00:00:00  |w 2026-02-24 
952 |a SNK  |b SNK  |y VYP  |7 0  |p 17A1069738  |o snkSC 154329 D1  |i snk2013/10354  |8 0  |0 0  |1 0  |4 0  |d 2013-05-07  |l 0  |r 2026-02-24 08:29:59  |w 2026-02-24